Learning Resource and Development

Biochemistry (Record no. 8215)

MARC details
000 -LEADER
fixed length control field 00820nam a22002777a 4500
005 - DATE AND TIME OF LATEST TRANSACTION
control field 20230512223056.0
008 - FIXED-LENGTH DATA ELEMENTS--GENERAL INFORMATION
fixed length control field 190504t xxu||||| |||| 00| 0 eng d
020 ## - INTERNATIONAL STANDARD BOOK NUMBER
International Standard Book Number 9780190209957
040 ## - CATALOGING SOURCE
Transcribing agency CSPC
082 0# - DEWEY DECIMAL CLASSIFICATION NUMBER
Classification number 572
Item number M459b
100 ## - MAIN ENTRY--PERSONAL NAME
Personal name McKee, Trudy
Relator term author.
245 00 - TITLE STATEMENT
Title Biochemistry
Remainder of title the molecular basis of life/
Statement of responsibility, etc. Trudy McKee
250 ## - EDITION STATEMENT
Edition statement 6th
Remainder of edition statement Edition
260 ## - PUBLICATION, DISTRIBUTION, ETC.
Place of publication, distribution, etc. Oxford:
Name of publisher, distributor, etc. Oxford University Press,
Date of publication, distribution, etc. 2017.
300 ## - PHYSICAL DESCRIPTION
Extent xx, 714 pages:
Other physical details figures, tables;
Dimensions 28 cm.
336 ## - CONTENT TYPE
Source rdacontent
Content type term text
337 ## - MEDIA TYPE
Source rdamedia
Media type term unmediated
338 ## - CARRIER TYPE
Source rdacarrier
Carrier type term volume
500 ## - GENERAL NOTE
General note Includes index.
650 10 - SUBJECT ADDED ENTRY--TOPICAL TERM
Topical term or geographic name entry element Biochemistry.
700 1# - ADDED ENTRY--PERSONAL NAME
Personal name McKee, James R.,
Relator term author.
940 ## - EQUIVALENCE OR CROSS-REFERENCE--UNIFORM TITLE [OBSOLETE] [CAN/MARC only]
Uniform title <a href="Lenie">Lenie</a>
942 ## - ADDED ENTRY ELEMENTS (KOHA)
Koha item type
-- NUR 572 M459b 2017
Holdings
Withdrawn status Lost status Damaged status Not for loan Home library Current library Shelving location Date acquired Total Checkouts Full call number Barcode Date last seen Date last checked out Copy number Price effective from Koha item type
        Main Library Main Library Undergraduate Thesis Section 05/12/2023 1 NUR 572 M459b 2017 020428 09/14/2023 08/18/2023 1-1 05/12/2023 Books